Loading...
| Literature - British | 0 | 2 | 0 | 0 | 20 | 100 | 109.00 | 0 | 2 | 0.00 | 0.00 |
| Other Arts: Auditory | 0 | 2 | 0 | 0 | 20 | 116 | 131.50 | 0 | 2 | 0.00 | 0.00 |
| Social Science | 1 | 1 | 1 | 0 | 20 | 73 | 91.50 | 0 | 2 | 0.00 | 0.00 |
| Beliefs | 1 | 0 | 0 | 0 | 15 | 56 | 56.00 | 1 | 1 | 0.00 | 0.00 |
| Other Academic | 0 | 1 | 0 | 0 | 10 | 90 | 90.00 | 0 | 1 | 0.00 | 0.00 |
| History - American | 0 | 1 | 0 | 0 | 10 | 88 | 88.00 | 0 | 1 | 0.00 | 0.00 |
| Literature - European | 0 | 1 | 0 | 0 | 10 | 88 | 88.00 | 1 | 1 | 0.00 | 0.00 |
| Philosophy | 0 | 1 | 0 | 1 | 10 | 135 | 135.00 | 0 | 1 | 0.00 | 0.00 |
| Science - Chemistry | 0 | 1 | 0 | 0 | 10 | 83 | 83.00 | 0 | 1 | 0.00 | 0.00 |
| Other Science: Math | 0 | 1 | 0 | 0 | 10 | 98 | 98.00 | 0 | 0 | 0.00 | 0.00 |
| Literature - American | 0 | 1 | 1 | 0 | 5 | 89 | 89.00 | 1 | 1 | 0.00 | 0.00 |
| Ancient History and Archaeology | 0 | 0 | 1 | 0 | -5 | 0.00 | 0 | 0 | 0.00 | 0.00 |